Disney Wolrd Attractions Quiz Stats

 Plays Quiz not verified by Sporcle

Challenge
Share
Tweet
Embed
Score 0/20 Timer 08:00
0 Plays Today
% Correct
Tower of Terror
87.3%
Haunted mansion
85.5%
Expedition Everest
78.2%
Soarin
78.2%
Star Tours
78.2%
Test track
76.4%
Mission space
76.4%
The great movie ride
72.7%
Splash mountain
70.9%
Pirates of the caribbean
69.1%
% Correct
Dinosaur
67.3%
Muppet Vision 3D
60%
Carousel of Progress
58.2%
Kilimanjaro Safaris
52.7%
The universe of energy
47.3%
One Mans Dream
43.6%
Planet Hollywood
36.4%
Rainforest Cafe
34.5%
Sci-Fi dine in theater
27.3%
Rockn rollercaoster
21.8%

You're not logged in!

Compare scores with friends on all Sporcle quizzes.
Join for Free
OR
Log In

You Might Also Like...

Show Comments

Extras

Top Quizzes Today


Score Distribution

Your Account Isn't Verified!

In order to create a playlist on Sporcle, you need to verify the email address you used during registration. Go to your Sporcle Settings to finish the process.

Report this User

Report this user for behavior that violates our Community Guidelines.

Details: